INSTRUMENTAL APPROACH TO CHEMICAL ANALYSIS (Record no. 62856)
[ view plain ]
| 000 -LEADER | |
|---|---|
| fixed length control field | 00250nam a2200097Ia 4500 |
| 050 ## - LIBRARY OF CONGRESS CALL NUMBER | |
| Classification number | QD75.22.S685.C.1 |
| 100 ## - MAIN ENTRY--PERSONAL NAME | |
| Personal name | A.K.SRIVASTAVA |
| 245 #0 - TITLE STATEMENT | |
| Title | INSTRUMENTAL APPROACH TO CHEMICAL ANALYSIS |
| 942 ## - ADDED ENTRY ELEMENTS (KOHA) | |
| Koha item type | Long Loan Book |
| Withdrawn status | Lost status | Source of classification or shelving scheme | Damaged status | Not for loan | Collection | Home library | Current library | Shelving location | Date acquired | Inventory number | Total checkouts | Full call number | Barcode | Date last seen | Date last checked out | Copy number | Price effective from | Koha item type |
|---|---|---|---|---|---|---|---|---|---|---|---|---|---|---|---|---|---|---|
| Library of Congress Classification | Science & Technology | Kisii University Library | Kisii University Library | On Display | 09/15/2023 | 46243 | 6 | QD 75.22 .A685 2009 | 014821 | 03/20/2026 | 03/18/2026 | C.1 | 09/15/2023 | Long Loan Book |